000
00268nam a2200121Ia 4500
008
190216s9999||||xx |||||||||||||| ||und||
100
_a
Joh Ise
245
0
_a
Economics
260
_b
Harper International Std
_c
1970
300
_a
871p
650
_a
Commerce
942
_c
BK
999
_c
4647
_d
4647